[Event "Campeonato Mundial"]
[Site "Brissago SUI"]
[Date "2004.10.05"]
[Round "7"]
[White "Leko, P."]
[Black "Kramnik, V."]
[Result "1/2-1/2"]
[WhiteElo "2741"]
[BlackElo "2770"]
[Annotator "MI Vladimir Barsky"]
[PlyCount "41"]
[EventDate "2004.09.25"]
[Source "Chess Today"]
[SourceDate "2004.10.06"]

1. d4 d5 2. c4 c6 3. Nc3 Nf6 4. Nf3 dxc4 5. a4 e6
{
Um lance bastante esquecido! A linha principal agora e} (5... Bf5) 6. e3
{
Um lance modesto, levando a uma tipica posicao do Gambito da Dama Aceito.
Quando 5...e6 foi usado nos Matches Alekhine-Bogoljubov (1929) e Alekhine-Euwe
(1935), validos para o Campeonato Mundial, Alekhine jogou o lance muito mais
energico 6.e4 com grande sucesso. Desde entao as pretas raramente jogam 5...e6.
Vejamos agora duas partidas classicas e uma moderna :} (
6. e4 Bb4 7. e5 (
{
segundo Alex Baburin, com o Peao em a4 a Variante Vienna nao e atrativa para
as brancas:} 
7. Bg5 c5 $1) 7... Ne4 (7... Nd5 $2 8. Bd2 Bxc3 9. bxc3 b5 10. Ng5 $1 f6
11. exf6 $1 Nxf6 12. Be2 a6 13. Bf3 h6 14. Bh5+ Nxh5 15. Qxh5+ Kd7 16. Nf7 Qe8
17. Qg6 Rg8 18. Bf4 $16 {
Alekhine-Bogoljubow, ALE/HOL 1929.}) 8. Qc2 Qa5 (
8... Qd5 9. Be2 c5 10. O-O Nxc3 11. bxc3 cxd4 12. cxd4 c3 13. Bd2 Qa5 14. Bxc3
Bxc3 15. Ra3 Nc6 16. Rxc3 Bd7 17. Rb1 $16 {Alekhine-Euwe, HOL 1935.}) 9. Qxe4
Bxc3+ 10. Kd1 Bb4 11. Bxc4 Nd7 12. Qg4 g6 13. Ng5 Nb6 14. Qf3 Rf8 15. Bb3 h5
16. Ne4 Nd5 17. Bg5 Bd7 18. Rc1 Ne7 19. Rc5 $1
{
1-0 Borovikov-Shkuran, Campeonato Ucraniano, Simferopol 2003.}) 6... c5
7. Bxc4 Nc6 8. O-O cxd4 9. exd4 Be7
{Existe esta mesma posicao em uma das linhas
do Gambito da Dama Aceito, mas aqui as brancas jogaram um lance extra - a2-a4.
Alex Baburin disse: "eu creio que este lance extra beneficia as brancas - se
as pretas estivessem bem aqui, nos veriamos mais adeptos do Gambito da Dama
Aceito jogando esta linha"!}
10. Be3 {
Outro lance solido. As brancas preparam Ce5.} 10... O-O 11. Ne5 Nb4
12. a5 {
Eu suspeito que Leko ficaria mais feliz se pudesse jogar a4-a3!}
12... Bd7
{
O Bispo vai para c6 e em seguida para d5, funcionando como um forte bloqueador
do Peao d. Por isso Leko decidiu trocar pecas:}
13. d5 exd5 14. Nxd5 Nbxd5 15. Bxd5 Nxd5 16. Qxd5 Bc8
{Com 2 ou 3 lances precisos as pretas em breve
neutralizarao a iniciativa do oponente.}
17. Rfd1 Qxd5 18. Rxd5 Be6 19. Rb5 Bf6
{
O par de Bispos e compensacao suficiente pela atividade das pecas brancas.}
20. Nf3 b6 $1 21. axb6 (21. axb6 axb6 22. Re1 Rfb8 $11) 1/2-1/2

[Event "Campeonato Mundial"]
[Site "Brissago SUI"]
[Date "2004.10.07"]
[Round "8"]
[White "Kramnik, V."]
[Black "Leko, P."]
[Result "0-1"]
[WhiteElo "2770"]
[BlackElo "2741"]
[Annotator "MI Vladimir Barsky"]
[PlyCount "64"]
[EventDate "2004.09.25"]
[Source "Chess Today"]
[SourceDate "2004.10.08"]

1. e4 e5 2. Nf3 Nc6 3. Bb5 a6 4. Ba4 Nf6 5. O-O Be7 6. Re1 b5 7. Bb3 O-O 8. c3
{A primeira surpresa: Kramnik permite que seu adversario jogue o Ataque
Marshall! A brilhante ideia do campeao americano Frank Marshall ha cerca de
100 anos atras, ate hoje nao encontrou ninguem que mostrasse como as brancas
podem obter no minimo uma pequena, mas estavel vantagem. Talvez Kramnik e seus
companheiros saibam como faze-lo.}
8... d5
{Eis o Gambito - as pretas
sacrificam um Peao para obter melhor desenvolvimento e um jogo ativo para as
suas pecas.}
9. exd5 Nxd5 10. Nxe5 Nxe5 11. Rxe5 c6 12. d4 ({
Outra linha principal e:} 
12. d3) 12... Bd6 13. Re1 Qh4 14. g3 Qh3 15. Re4
{
Em sua plena juventude Tigran Petrosian jogou este lance em 1947! As brancas
possuem varias alternativas aqui, mas o lance do texto entrou para a moda nos
ultimos lances.} (
{Ja foi jogado} 15. Qd3 Bf5 16. Qf1 Qh5 17. Be3 Bh3 18. Bd1 Qf5 $44
{Boleslavsky,I-Bronstein,D/Moscou 1950}) (15. Be3 Bg4 16. Qd3 f5 17. f4 Kh8
18. Bxd5 cxd5 19. Nd2 $13 {Euwe,M-Donner,J/Amsterda 1950}) (15. Qf3 $5 Be6 (
15... Bg4 $5 16. Qg2 Qh5 $132) 16. Qg2 Qh5 17. Bd1 Qg6 18. Nd2 Rae8 19. Ne4 Bf5
20. f3 $14 {
Bologan,V-Naiditsch,A/It, Dortmund ALE 2003}) 15... g5 16. Qf1
{
Um lance ao estilo de Kramnik: ele oferece a troca de Damas.} ({O normal e} 
16. Nd2 Bf5 17. Qe2 Nf6 18. Re5 Bxe5 19. dxe5 Ng4 20. Nf3 Rae8 $15
{
Petrosian,T-Averbakh,Y/Moscou 1947}) ({ou} 16. Qe2 Bf5 17. f3 Bxe4 (
17... Nf6 $5) 18. fxe4 Rae8 19. Nd2 f5 20. e5 f4 $132
{
Bologan,V-Onischuk,A/Poikovsky 2003}) (16. Bxg5 $2 Qf5 $19) 16... Qh5
{
Uma decisao logica: Leko prefere jogar o meio jogo. O interessante e que
Kramnik jogou muito rapidamente na primeira metade da partida, ao passo que
Leko gastou bastante tempo.} (
{Ja foi jogado} 16... Qxf1+ 17. Kxf1 Bf5 18. f3 h6 19. Re1 Rfe8 20. Bxd5 cxd5
21. Rxe8+ Rxe8 22. Kf2 a5 23. a3 Bd3
{
1/2-1/2 Peng Xiaomin-Grischuk,A/Shanghai 2001/CBM 85 (23)}) 17. Nd2 (17. Qe2
Qg6 18. Re8 Bf5 19. Rxa8 Rxa8 20. Nd2 Bd3 21. Qe1 Nf4 $5 $40
{
Ernst,T-Hebden,M/Gausdal 1987}) 17... Bf5 18. f3 Nf6 ({Evidentemente, apos} 
18... Bxe4 $6 19. fxe4
{as brancas estao claramente melhores: elas possuem um
Peao movel no centro e um forte par de Bispos, ao mesmo tempo que o Rei preto
esta muito fraco.})
19. Re1 Rae8
{Veja como as pretas possuem uma boa
compensacao pelo Peao, pois as brancas tem enormes problemas com o
desenvolvimento de sua ala da dama.}
20. Rxe8 Rxe8 21. a4
{
As brancas nao tem outro caminho para desenvolver a sua Torre.} 21... Qg6 (
21... b4 $6 22. Nc4 Bc7 23. Bd2 $14) 22. axb5 $6
{
O primeiro passo da catastrofe. Melhor era} (22. Ne4 Nxe4 23. fxe4 Bxe4
24. Bxg5 bxa4 (24... Qxg5 $2 25. Qxf7+) 25. Bc4 (25. Rxa4 $2 Rb8 $19) 25... Rb8
26. Re1 $14 {mas as pretas possuem boas chances de empatar.}) 22... Bd3 23. Qf2
$2
{Kramnik continuou a jogar rapido e deixou escapar algo em seus
calculos. Ele tinha que aceitar o empate:} (
23. Qd1 Be2 24. Qc2 Bd3 25. Qd1 $11) 23... Re2 24. Qxe2 Bxe2 25. bxa6 Qd3 $1
{
Agora as pretas possuem ataque decisivo.} 26. Kf2 ({Ou} 26. a7 Qe3+ 27. Kg2
Bxf3+ 28. Nxf3 Qe2+ 29. Kg1 (29. Kh3 Qf1#) 29... Ng4 30. a8=Q+ Kg7 $19
{, e as brancas nao possuem nenhum xeque e nao ha como defender o seu Rei.})
26... Bxf3 $1 27. Nxf3 Ne4+ ({Tambem ganha} 27... Ng4+ 28. Ke1 Qxf3 29. a7 Qf2+
30. Kd1 Ne3+ 31. Bxe3 Qf1+ 32. Kc2 Qxa1 33. d5 c5 $19) 28. Ke1 Nxc3 $1 29. bxc3 (
29. Ng1 Ne4 {com a ameaca Bb4+.}) 29... Qxc3+ 30. Kf2 Qxa1 31. a7 h6 $1
{Um lance muito calmo!} 32. h4 g4 0-1

[Event "Campeonato Mundial"]
[Site "Brissago SUI"]
[Date "2004.10.16"]
[Round "13"]
[White "Leko, P."]
[Black "Kramnik, V."]
[Result "1/2-1/2"]
[WhiteElo "2741"]
[BlackElo "2770"]
[PlyCount "129"]
[EventDate "2004.09.25"]

1. d4 {Leko continua a jogar 1.d4, o que ele tem feito desde que perdeu a
primeira partida e nao conseguiu nada na terceira, ambas contra a Defesa
Petroff.} 1... Nf6 2. c4 e6 3. Nf3 3... c5 {Ha alguma ironia no fato do
ultra-solido Kramnik jogar a Benoni. Os jogadores muito classicos mudam para a
Siciliana contra e4 quando eles precisam jogar para a vitoria com as pretas.
Contra d4 a Benoni se enquadra nesta categoria. Como a Siciliana, ela forca
ambos os lados a jogar por iniciativa. Nao ha uma maneira tranqueila para
enfrentar a Benoni, por isso ela e ideal para a situacao de Kramnik.} 4. d5 (4.
g3 cxd4 5. Nxd4 Qc7 6. Nc3 a6 7. Bg2 Qxc4 8. O-O Nc6 9. Nb3 d5 10. Bf4 Qb4 11.
Re1 11... Be7 {1-0 Kasparov,G-Kramnik,V/Moscou 2001/CBM 87 (31)}) 4... d6 5.
Nc3 exd5 6. cxd5 g6 7. Nd2 Bg7 8. e4 O-O 9. Be2 Na6 10. O-O Ne8 11. Nc4 Nac7
12. a4 {Tudo isso e normal na Benoni. As pretas procuram as rupturas em b5 e
f5. As brancas querem dominar o centro.} 12... f5 {
Kramnik jogou esta mesma posicao, mas com as brancas em 1995.} 13. exf5 (13. f3
Qe7 14. Bf4 g5 15. Bg3 f4 16. Bf2 b6 17. Re1 Ba6 18. e5 Bxc4 19. exd6 Nxd6 20.
Bxc4 Qd7 21. Ba2 Rae8 22. Qd3 Kh8 23. Rxe8 Rxe8 24. Rd1 Bf6 25. Bb1 Re7 26. h3
Nce8 27. Bc2 27... Be5 {Kramnik,V-Ivanchuk,V/Belgrado 1995/CBM 51 1/2-1/2 (46)}
) (13. Bf4 fxe4 14. Qd2 Qf6 15. Bg5 Qf7 16. Rad1 Bf5 17. g4 Bd7 18. Nxe4 Bxa4
19. Ncxd6 Nxd6 20. Nxd6 Qd7 21. Ra1 Qxd6 22. Rxa4 Bd4 23. Bh6 Rf7 24. b4 Re8
25. bxc5 Bxc5 26. Bd3 b5 27. Re4 27... Qxd5 {
Gyimesi,Z-Chatalbashev,B/Bled 2002/CBM 89 ext/1-0 (39)}) 13... Rxf5 14. Bg4
14... Rf8 $146 (14... Rf7 15. Bf3 b6 16. Ne4 h6 17. Re1 Bb7 18. Ng3 Nf6 19. Ne3
Qf8 20. Qd3 Nd7 21. Qxg6 Ne5 22. Qh5 Rxf3 23. Nef5 Rxf5 24. Nxf5 Kh7 25. Ra3
Qe8 26. Nxg7 Nf3+ 27. gxf3 Qxe1+ 28. Kg2 28... Qxc1 {
0-1 Socha,C-Yudasin,L/Gdynia 1987/EXT 97}) 15. Bxc8 Rxc8 16. Qb3 b6 17. Nb5
Nxb5 18. axb5 {Leko conseguiu trocar duas pecas menores e possui um admiravel
Cavalo em c4 com o alvo fixo d6, alem da coluna a pronta para ser atacada.
Kramnik tem a coluna f e o forte Bispo g7.} 18... Rc7 19. Bd2 Rcf7 20. Bc3
20... Qd7 {O fraco Peao b5 necessita de constante protecao.} 21. f3 21... g5 $1
{Kramnik deseja atacar a ala do rei. Ele joga por uma vitoria aqui e vai lutar
para conseguir isto.} 22. Ne3 22... Rf4 {Protegendo d4 e g4.} 23. Rfe1 h5 24.
Qc2 24... Qf7 {Vigiando g6 e incrementando a pressao na ala do rei.} (24...
Qxb5 $4 25. Rxa7) 25. h3 Bd4 26. Bxd4 Rxd4 (26... cxd4 {Uma outra tentativa
que no minimo tem a vantagem de manter as pecas no tabuleiro. Embora pareca
que as brancas sejam mais rapidas para explorar isto.} 27. Nc4 g4 28. Re6 gxf3
29. Nxd6 {Uma interessante linha de empate.} (29. Rg6+ Ng7 30. Nxd6 Qe7) 29...
Nxd6 30. Rg6+ Kh8 31. Rh6+ Kg8 32. Rg6+ Kh8 33. Rh6+ $11) 27. Nf5 $1 {
Um bom lance, para quem precisa do empate. As trocas de pecas deixam as
brancas com um final igualado. As ameacas em d4 e h6 forcam as trocas.} 27...
Qxf5 28. Qxf5 Rxf5 29. Rxe8+ 29... Kf7 {As Torres pretas parecem mais ativas,
porem com tantos alvos no campo preto, as brancas possuem varios modos de
conseguir empate.} 30. Rb8 30... Rdxd5 {Isto permite uma imediata continuacao
de empate, gracas a ma posicao do Rei preto.} 31. Rxa7+ Ke6 32. Re8+ Kf6 33. g4
$2 {Uma curiosa e infeliz decisao que cria uma serie de fraquezas.} (33. Rh7
$142 $11 {O Rei preto esta preso.} 33... h4 (33... Rde5 $2 34. Rh6+ Kg7 35.
Rxe5 Rxe5 36. Rxd6) (33... g4 34. Rf8+ Kg6 35. Rxf5 Rxf5 36. fxg4 hxg4 37. hxg4
Rd5 38. Rb7) 34. Rhh8 Rd1+ 35. Kh2 Re5 36. Rhf8+ Kg6 37. Rg8+ Kf5 38. Rgf8+ Kg6
) 33... hxg4 $17 (33... Rxf3 $4 34. Rf8+ Ke6 35. Rxf3 hxg4 36. hxg4 $18) 34.
hxg4 Rd1+ (34... Rxf3 $4 35. Rf8+ Ke6 36. Rxf3 $18) 35. Kf2 Re5 36. Rh8 (36.
Rxe5 $2 {Nao e necessario dar ao Rei preto uma vantagem inicial na corrida.}
36... Kxe5) 36... Rd2+ 37. Kg3 37... Ree2 {
Parece que Leko nao possui defesa contra o mate em tres lances...} (37... Rxb2
$4 38. Rh6#) (37... Ke6 38. Re8+ (38. Rb7 Kd5 39. Rxb6 (39. Rg8 Rxb2 40. Rxb6
c4 41. Rd8 Kc5 (41... Re6 42. Rg8) 42. Rbxd6 Rxb5 43. Rd1 Rb3 (43... Kb4 $2 44.
Rb1+ Kc3 45. Rc1+ Kb3 46. f4 $11) 44. Rc1 Kb4 45. Kf2 Rc5 46. Ke2) 39... Ree2
40. Rh1 Rxb2 41. Rb8 Kc4 42. Rg8 Re5 43. Rd8 d5 (43... Rd5 44. Rc1+ Kb3 45. b6
Rdd2) 44. Rc1+ Kd4 45. Rd1+) 38... Kd5 39. Rxe5+ Kxe5 40. Rg7 (40. Rf7 Rxb2 41.
Rf5+ Kd4 42. Rxg5 Rxb5 43. f4 Rb3+ 44. Kf2 b5 45. f5 Ke5 46. Rg6) 40... Kf6 41.
Rb7 Rxb2 42. Rxb6 Ke5 43. Rb8 c4 44. b6 d5) 38. Rf8+ Kg6 39. Rg8+ Kf6 40. Rf8+
Ke6 41. Re8+ Kd5 42. Rxe2 42... Rxe2 {Nao ha mais possibilidade de mate e duas
Torres deixaram o tabuleiro. O problema agora e que o Rei preto esta muito
ativo.} 43. Rg7 43... Re5 {Esta e a posicao em que todos concordaram que Leko
estava completamente perdido. Mas vendo a partida no site Playchess.com Garry
Kasparov repentinamente disse "Espere um minuto, apos 44.Tb7 as brancas
possuem chances de empatar". Desta maneira, se opondo aos espectadores
equipados com Fritz e Junior, Kasparov iniciou as suas analises, que Leko
seguiu no jogo, quase que lance por lance. O GM Jon Levitt chamou isto de um
magico empate.} (43... Rxb2 44. Rxg5+ Ke6 45. Rg6+ Ke7 46. f4 Rxb5 47. f5 c4)
44. Rb7 $1 44... c4 (44... Kc4 45. Rxb6 d5 (45... Rd5 46. Rb8 Kb4 47. Kf2 Rd2+
48. Ke3 Rxb2 49. f4) 46. f4 Re3+ 47. Kf2 gxf4 48. Rd6 Rg3 49. b6 Rxg4 50. b7
Rg8 51. Rb6 Rb8 52. Kf3 d4 53. Kxf4) 45. Rxb6 Re2 (45... Re3 $142 $5 $19 {
Prevenindo f4, mas como as pretas podem obter progresso?}) 46. f4 {
O lance chave previsto por Kasparov.} 46... Re3+ 47. Kf2 gxf4 48. Rb8 Rb3 49.
b6 $6 (49. g5 Ke5 (49... Rxb2+ 50. Kf3 Ke5 51. b6) 50. b6 Rxb2+ 51. Kf3 $11)
49... Ke4 (49... Rxb2+ 50. Kf3 c3 51. b7 $19 51... Kd4 52. Rd8 Rxb7 53. Rxd6+
Kc5 54. Rd1 Rf7 55. g5 Kc4 56. g6 Rf8 57. g7 Rg8 58. Rd7 c2 59. Rc7+ Kd3 60.
Rd7+ Kc3 61. Rc7+ Kd2 62. Rd7+ Kc1 63. Kxf4 $11) 50. Re8+ (50. g5 $142 50...
Rxb2+ 51. Ke1 $19) 50... Kd3 (50... Kd4 $142 {Aparentemente a ultima chance de
vitoria. As brancas evitam o plano defensivo que Leko utilizou na partida.} 51.
Re2 (51. g5 Rxb2+ 52. Kf3 52... Rxb6 $19 53. Kxf4 Rb1 54. Re4+ Kc5 55. g6 Rg1
56. Kf5 c3) (51. Rb8 Rxb2+ 52. Kf3 c3 53. b7 c2 54. Rc8 54... Rb3+ $19) 51...
f3 {possivel com o Rei preto em d4 ao inves de d3 como na partida.} 52. Rd2+ (
52. Re1 d5 53. g5 Rxb2+ 54. Kxf3 c3 55. g6 Rxb6 56. Rd1+ Kc4 57. Rg1 Rb8 58. g7
Rg8 59. Ke2 d4 60. Kd1 60... d3 $19) 52... Ke4 (52... Ke5) 53. Rc2 (53. Rxd6
Rxb2+ 54. Kg3 f2 55. Kg2 c3 56. Rc6 c2 57. b7 57... Kd3 $19) 53... d5 54. Kg3
Rxb6 55. g5 55... d4 $19) 51. Re2 $1 $11 51... d5 (51... Kd4 {
Tentanto restabelecer a ameca f3 agora, um tempo apos, nao parece funcionar.}
52. b7 Rxb7 53. Kf3) 52. Kf3 d4 53. g5 c3 54. bxc3 dxc3 55. Rg2 Rb2 56. b7 Rxb7
57. Kxf4 Rb2 58. Rg1 c2 59. Rc1 Rb1 60. Rxc2 Kxc2 61. g6 Kd3 62. Kf5 Rb5+ 63.
Kf6 Rb6+ 64. Kf7 Rxg6 65. Kxg6 1/2-1/2

[Event "Campeonato Mundial"]
[Site "Brissago SUI"]
[Date "2004.10.18"]
[Round "14"]
[White "Kramnik, V."]
[Black "Leko, P."]
[Result "1-0"]
[WhiteElo "2770"]
[BlackElo "2741"]
[PlyCount "81"]
[EventDate "2004.09.25"]

1. e4 c6 2. d4 d5 3. e5 Bf5 4. h4 (4. Nc3 e6 5. g4 Bg6 6. Nge2 {
e a linha principal}) (4. Nf3 e6 5. Be2 {
um moderno e tranqueilo sistema popularizado por Nigel Short e Boris Gelfand.})
4... h6 {...h5 e uma alternativa mais popular:} (4... h5 5. c4 e6 6. Nc3 Be7 7.
g3 {1/2-1/2 Topalov,V-Bareev,E/Cap d'Agde 2003/CBM 98/[Lukacs] (57)}) 5. g4 Bd7
(5... Bh7 6. e6 Qd6 7. exf7+ Kxf7 8. Nc3 e5 9. Qf3+ Nf6 10. g5 hxg5 11. hxg5
Be4 12. Nxe4 dxe4 13. Qb3+ Nd5 14. Rxh8 exd4 15. Ne2 Nd7 16. Nxd4 Qe5 17. Qxb7
Bb4+ 18. c3 Rxh8 19. Qxd7+ Kg6 20. Nxc6 Bxc3+ 21. Kd1 Qf5 22. Qxf5+ {
1-0 Sveshnikov,E-Gagunashvili,M/Dubai 2003/CBM 93 ext (22)}) 6. Nd2 $146 {
Isto e muito prematuro, mas voce precisa considerar que a abertura de Kramnik
ja e um sucesso. Ele tem todas as pecas e Peoes no tabuleiro e uma nao muito
usual posicao de ataque. Leko nao e um jogador adepto da Caro-Kann e as
posicoes nao surgem naturalmente para ele. Voce poderia dizer o mesmo sobre
Kramnik, que so recentemente voltou a jogar 1. e4.} (6. Be3 c5 7. c3 Nc6 8. a3
a5 9. b3 e6 10. h5 b5 11. Nf3 Qb8 12. Bg2 c4 13. bxc4 bxc4 14. Qc2 a4 15. Nbd2
Na5 16. O-O Nb3 17. Ra2 {1-0 Bronstein,D-Donner,J/Budapest 1961/EXT 98 (32)}) (
6. c3 c5 (6... e6 7. h5 c5 8. f4 Qb6 9. Nf3 Bb5 10. Bxb5+ Qxb5 11. Na3 Qb6 12.
dxc5 Bxc5 13. b4 Be3 14. Qd3 Bxc1 15. Rxc1 {
0-1 Kotronias,V-David,A/Plovdiv 2003/CBM 98 (39)}) 7. Bg2 e6 8. Ne2 Bb5 9. Na3
Bxe2 10. Qxe2 cxd4 11. cxd4 Bxa3 12. bxa3 Nc6 13. Be3 Qa5+ 14. Kf1 Nge7 15. Rb1
Rb8 16. Bh3 Qa4 17. Rd1 Qxa3 18. Kg2 18... Qa6 {
0-1 Tal,M-Botvinnik,M/Moscou 1961/MainBase (41)}) (6. c4 e6 7. Nc3 Ne7 8. c5 b6
9. h5 bxc5 10. dxc5 Bc8 11. Be3 Ba6 12. Bxa6 Nxa6 13. Qa4 {
1/2-1/2 Bronstein,D-Portisch,L/Moscou 1961/EXT 2001 (49)}) 6... c5 {
A reacao normal, atacar o Peao avancado o mais rapido possivel.} 7. dxc5 {
c3 poderia manter o Peao central, mas a estrutura ficaria estatica eprevisivel.
Kramnik precisa preservar a dinamicidade da posicao.} 7... e6 8. Nb3 Bxc5 9.
Nxc5 Qa5+ 10. c3 Qxc5 11. Nf3 Ne7 12. Bd3 Nbc6 13. Be3 Qa5 14. Qd2 Ng6 (14...
d4 $5 {um surpreendente sacrificio de Peao sugerido por Garry Kasparov no site
playchess.com. Este e um lance que voce poderia esperar de Kasparov, ativando
as pecas pretas e ganhando a poderosa casa d5 para o Cavalo.} 15. cxd4 Nb4 16.
O-O (16. Bb1 Bc6 17. Rh3) 16... Qd5 17. Be2 Bb5 18. Bxb5+ Qxb5 19. Rfc1 b6 (
19... Ned5)) 15. Bd4 Nxd4 16. cxd4 Qxd2+ (16... Qb6 17. Rc1 $11) 17. Kxd2 Nf4
18. Rac1 h5 19. Rhg1 $1 19... Bc6 20. gxh5 Nxh5 21. b4 $1 {Kramnik joga a
posicao com a energia necessaria para explorar o seu melhor desenvolvimento e
as mas situadas pecas pretas. Leko jamais se restabelecera.} 21... a6 22. a4 {
A ameaca de b5 seguido de Tc7 forca Leko a perder um tempo ou aceitar a oferta
de um Peao.} (22. Rc5 22... g6 $16) 22... Kd8 (22... Bxa4 $5 {Esta arris cada
continuacao tambem foi sugerida por Kasparov como um meio de quebrar o ritmo
do jogo:} 23. Rc7 Bb5 (23... Bc6 $2 24. Ng5 O-O 25. Bh7+ Kh8 26. Bc2) 24. Bb1 {
principalmente com a ameca Cg5.} (24. Bxb5+ axb5 25. Rgc1 O-O 26. Rxb7 {
Kasparov} 26... f6 27. exf6 Rxf6 28. Rc3) 24... Bd7 (24... b6 $5) 25. Ng5 Rf8
26. Bd3 Ke7 27. Ke3 b5 28. Nxf7 Rxf7 29. Bg6 Rf4 30. Bxh5 Re4+ 31. Kd3 Kd8 32.
Rb7 Kc8 33. Rb6) (22... Ke7 23. b5 axb5 24. axb5 Bd7 25. Rc7 b6 26. Ke3) 23.
Ng5 $16 {Basta olhar para as quatro Torres para perceber o tamanho dos
problemas de Leko, apesar da posicao simplificada. A vantagem de
desenvolvimento branca e destruidora e, alem disso, ha muitas fraquezas na
posicao preta.} 23... Be8 {
Se este lance for realmente necessario, entao as pretas ja estao perdidas!} (
23... Ke7 24. Ke3 $16 (24. b5 axb5 25. axb5 Bd7 26. Rc7)) 24. b5 (24. Ke3)
24... Nf4 (24... axb5 25. Bxb5 (25. axb5 $2 25... Nf4) 25... b6 26. Bxe8 Rxe8 (
26... Kxe8 27. Rc7) 27. Nxf7+) 25. b6 $1 {Ignorando o ataque ao Bispo, Kramnik
comeca a estabelecer um no que estrangulara as pretas ate o final. O resto da
partida da ate pena de ver, pois Leko luta desesperadamente por liberdade sem
entregar muito material. Kramnik controla a posicao com uma mao de ferro.}
25... Nxd3 26. Kxd3 Rc8 27. Rxc8+ Kxc8 28. Rc1+ Bc6 (28... Kb8 29. Rc7 29...
Rf8 {A defesa passiva e inutil. Em breve as pretas esgotarao os seus lances e
entrarao em zugzwang.} (29... Rxh4 30. Nxf7 Bxf7 31. Rxf7 Rh3+ 32. Kd2 Kc8 33.
Rc7+ Kd8 (33... Kb8 34. Rxg7 Kc8) 34. Rxb7) 30. a5) 29. Nxf7 Rxh4 30. Nd6+ {
"Um Cavalo na sexta praticamente ganha a partida sozinho." E dificil imaginar
um exemplo melhor desta velha maxima, embora aqui o Peao b6 seja de grande
valia.} 30... Kd8 31. Rg1 Rh3+ 32. Ke2 Ra3 (32... a5 33. Rxg7 Rb3 34. Nxb7+
Bxb7 35. Rxb7 $18) (32... Rh4 33. Ke3 Rh7 34. a5 $18) 33. Rxg7 Rxa4 34. f4 $1 {
Kramnik parte diretamente para a quebra do ponto e6.} (34. Nxb7+ $6 {
Trocar um Cavalo tao forte por um patetico Bispo?} 34... Bxb7 $14) 34... Ra2+ (
34... Rxd4 35. f5 exf5 36. e6 $18) 35. Kf3 $18 35... Ra3+ 36. Kg4 {
O avanco f4-f5 nao pode ser interrompido.} 36... Rd3 $2 {Agora isto acaba com
as chances pretas. Apesar disto, neste ponto Leko somente poderia ter
esperancas de criar complicacoes e induzir o adversario a um erro grave.} (
36... Ra1 37. Nxb7+ {
Com o Rei branco bem colocado no tabuleiro o final de Torres seria facil.}
37... Bxb7 38. Rxb7 Rg1+ (38... Rb1 39. f5 Rg1+ 40. Kh5 exf5 41. Ra7) 39. Kh5
39... Rd1 $18 (39... Kc8 {0})) 37. f5 37... Rxd4+ {Fritz anunciou mate agora:}
(37... Rd1 38. f6 Rxd4+ 39. Kf3 Rd2 40. Rg8+ 40... Kd7 $18) (37... exf5+ 38.
Kxf5 38... Rh3 $18) 38. Kg5 exf5 (38... Be8 39. fxe6 Rd1 40. Rxb7 Rg1+ 41. Kh4
Rh1+ 42. Kg3 Rg1+ 43. Kh2 Rg7 44. Rb8+ Ke7 45. Rxe8#) 39. Kf6 Rg4 40. Rc7 (40.
Rh7 Rg8 41. e6 Re8 42. Rc7 Rf8+ 43. Nf7+ Rxf7+ 44. exf7 f4 45. f8=Q+ Be8 46.
Qe7#) 40... Rh4 (40... Bd7 41. Nxb7+ Ke8 42. Nd6+ Kd8 43. Nf7+ Ke8 44. b7) 41.
Nf7+ {Isto e o fim. Uma brilhante performance das brancas. Talvez Kramnik
tenha acabado de fazer com que uma vitoria assim pareca facil contra um dos
melhores defensores do mundo.} (41. Nf7+ Ke8 42. Rc8+ Kd7 43. Rd8#) 1-0